Normal view
MARC view
- المرأة المسلمة- الاسلام وحقوق المرأة
Entry Topical Term
001 - CONTROL NUMBER
- control field: 35762
003 - CONTROL NUMBER IDENTIFIER
- control field: JO-AjAnu
005 - DATE AND TIME OF LATEST TRANSACTION
- control field: 20230606075958.0
008 - FIXED-LENGTH DATA ELEMENTS
- fixed length control field: 230606|| aca||aabn | a|a d
040 ## - CATALOGING SOURCE
- Original cataloging agency: JO-AjAnu
- Transcribing agency: JO-AjAnu
150 ## - HEADING--TOPICAL TERM
- Topical term or geographic name entry element: المرأة المسلمة- الاسلام وحقوق المرأة
670 ## - SOURCE DATA FOUND
- Source citation: Work cat.: (JO-AjAnu)18363: الحسيني، مبشر الطرازي, author 35761, المرأة وحقوقها في الإسلام